Диагностика технического состояния газоперекачивающего агрегата; Промышленные контроллеры АСУ; № 1

Bibliografiset tiedot
Parent link:Промышленные контроллеры АСУ: ежемесячный научно-технический производственный журнал.— , 2002-
№ 1.— 2002.— С. 28
Kieli:venäjä
Julkaistu: 2002
Sarja:Новости системостроения
Aiheet:
Aineistotyyppi: MixedMaterials Kirjan osa
KOHA link:https://koha.lib.tpu.ru/cgi-bin/koha/opac-detail.pl?biblionumber=381105

MARC

LEADER 00000naa2a2200000 4500
001 381105
005 20231101062803.0
035 |a (RuTPU)RU\TPU\prd\3197 
090 |a 381105 
100 |a 20020417a2002 k y0rusy50 ca 
101 0 |a rus 
102 |a RU 
200 1 |a Диагностика технического состояния газоперекачивающего агрегата 
225 1 |a Новости системостроения 
461 1 |0 (RuTPU)RU\TPU\prd\2287  |t Промышленные контроллеры АСУ  |o ежемесячный научно-технический производственный журнал  |d 2002- 
463 1 |0 (RuTPU)RU\TPU\prd\2288  |t № 1  |v С. 28  |d 2002 
610 1 |a диагностика 
610 1 |a газоперекачивающие агрегаты 
610 1 |a системы автоматического управления 
801 1 |a RU  |b 63413507  |c 20020417  |g PSBO 
942 |c BK